000 00646nam a2200181 i 4500
001 164620
003 ES-MaACL
005 20230906212954.0
008 950206s1879 sp |||| | spa d
040 _aCLM
_bspa
_cCCPB | PA2
100 1 _aSánchez y Massiá, Juan.
_9133041
245 1 0 _aIntroducción al estudio de la intensidad de la gravedad por medio del péndulo /
_cpor Juan Sánchez y Massiá.
260 _aMadrid :
_b[s.n.],
_c1879 (
_fImprenta de Fortanet)
300 _a96 p. ;
_c21 cm.
650 4 _aGravedad.
_9150860
650 4 _aPéndulo.
_9150861
852 _aES-MaACL
_jT-339-F-8
_z-- Enc. hol.
_z-- Enc. en un vol. facticio
999 _c164620
_d164620